000 01096naa a2200313 c 4500
001 33702
003 ES-MaCES
005 20150129132921.0
008 031218n2003 sp t o000 |dspa d
035 _aCES20030006129v
040 _aES-MaCES
_bspa
_cES-MaCES
041 0 _aspa
_aeng
100 1 _aIranzo Martín, Juan
_915211
245 1 3 _aLa "especialización flexible" en la producción de la cultura
_b: trabajo, consumo y des/orden social : (una nota de investigación)
_cJuan Manuel Iranzo
500 _aResumen en inglés y español
504 _aBibliografía: p. 162
650 4 _aglobalización económica
_930653
650 4 _asociedad
_927269
650 4 _aespecialización
_929308
650 4 _ademanda de consumo
_927904
650 4 _aeconomía
_926781
650 4 _atrabajo
_928289
650 4 _acultura
_927265
653 1 0 _aMercado
773 0 _tSociología del trabajo
_gn. 49 (otoño 2003){10217 R. 054509}; p. 141-163
_w(ES-MaCES)25232
_944341
902 _aART Artículo de revista
942 _2CES
_cAR
_h0.0.
999 _c33702
_d33702